000 00694nam a2200289Ia 4500
005 20260324120934.0
008 008 260324s9999 xx 000 0 eng d
020 _a9781315741765
037 _aEBOOK
040 _aCRL
040 _beng
040 _cCRL
041 _2eng
041 _aeng
084 _qCRL
100 _aGeoffrey Madell
_91160555
245 4 _aThe Essence of the Self
245 0 _bIn Defense of the Simple View of Personal Identity
260 _bTaylor and Francis
260 _c2014
365 _a
365 _b255
856 _uhttp://www.taylorfrancis.com/books/9781315741765
942 _cEBOOK
999 _c1752353
_d1752353